Satisfaccion de los usuarios del programa de prevencion y control de Sida frente a la atencion de los servicios sanitarios, Quito, Guayaquil, 1994 (Registro nro. 84516)

Detalles MARC
000 -CABECERA
campo de control de longitud fija 00949nam a2200265 u 4500
001 - NÚMERO DE CONTROL
campo de control 194812
005 - FECHA Y HORA DE LA ÚLTIMA TRANSACCIÓN
campo de control 20260506080238.0
008 - DATOS DE LONGITUD FIJA--INFORMACIÓN GENERAL
campo de control de longitud fija 980603s1995 ||||||m| spa
035 ## - NÚMERO DE CONTROL DEL SISTEMA
Número de control de sistema 194812
040 ## - FUENTE DE LA CATALOGACIÓN
Centro/agencia transcriptor comduadb
041 ## - CÓDIGO DE LENGUA
Código de lengua del texto/banda sonora o título independiente spa
080 ## - NÚMERO DE LA CLASIFICACIÓN DECIMAL UNIVERSAL
Número de la Clasificación Decimal Universal WC
100 10 - ENTRADA PRINCIPAL--NOMBRE DE PERSONA
Nombre de persona Ortiz Solorzano, Patricia
Código de función aut
Término indicativo de función/relación Autor/a
9 (RLIN) 323204
245 10 - TÍTULO PROPIAMENTE DICHO
Título propiamente dicho Satisfaccion de los usuarios del programa de prevencion y control de Sida frente a la atencion de los servicios sanitarios, Quito, Guayaquil, 1994
260 ## - PUBLICACIÓN, DISTRIBUCIÓN, ETC.
Lugar de publicación, distribución, etc. Medellín,
Fecha de publicación, distribución, etc. 1995.
300 ## - DESCRIPCIÓN FÍSICA
Extensión 104 páginas
500 ## - NOTA GENERAL
Nota general Donacion.
500 ## - NOTA GENERAL
Nota general Tesis (Maestría en Salud Publica con enfasis en Gerencia en Salud) Universidad de Antioquia - Título del grado otorgado
650 ## - PUNTO DE ACCESO ADICIONAL DE MATERIA--TÉRMINO DE MATERIA
Término de materia o nombre geográfico como elemento de entrada Prevención y control
9 (RLIN) 20999
650 ## - PUNTO DE ACCESO ADICIONAL DE MATERIA--TÉRMINO DE MATERIA
Término de materia o nombre geográfico como elemento de entrada Ecuador
9 (RLIN) 24714
650 #7 - PUNTO DE ACCESO ADICIONAL DE MATERIA--TÉRMINO DE MATERIA
Término de materia o nombre geográfico como elemento de entrada VIH
Fuente del encabezamiento o término lemb
9 (RLIN) 855770
650 #7 - PUNTO DE ACCESO ADICIONAL DE MATERIA--TÉRMINO DE MATERIA
Término de materia o nombre geográfico como elemento de entrada Calidad de la atención de salud
Fuente del encabezamiento o término dcs
9 (RLIN) 237157
700 10 - ENTRADA AGREGADA--NOMBRE PERSONAL
Nombre de persona Gómez Arias, Rubén Darío
Código de función ths
Término indicativo de función/relación Asesor/a de tesis
9 (RLIN) 481807
942 ## - ELEMENTOS DE ENTRADA AGREGADA (KOHA)
Tipo de ítem Koha Tesis
Existencias
Estado de retiro Estado de pérdida Estado dañado No para préstamo Código de colección Localización permanente Ubicación/localización actual Fecha de adquisición Número de inventario Total de préstamos Signatura topográfica completa Código de barras Fecha visto por última vez Número de copia Precio válido a partir de Tipo de ítem Koha
        Colección Semiactiva Biblioteca de Salud Pública, Campus Medellín Biblioteca de Salud Pública, Campus Medellín 03/06/1998 C267624   WC503 O7s-95 e1 61000000438495 22/04/2023 1 22/04/2023 Tesis